000 00206nam a22000857a 4500
008 161217b xxu||||| |||| 00| 0 eng d
100 _92093
_aDoshi.M.D.
245 _aGeneral Knowledge-II
260 _aCordava
_c2008
999 _c4973
_d4973